000
00323nam a22001337a 4500
008
250703b |||||||| |||| 00| 0 eng d
020
_a
0911781102
050
_a
HD65.5
_b
.G49
100
_a
GLENN, Reed
245
_a
Ten Best Opportunities
260
_a
Colorado
_b
Live Oak Publication
_c
1993
300
_a
213p.
942
_c
BK
999
_c
4082
_d
4082